Online Catalogue and eLibrary

Tamil claims to land : (Record no. 245)

MARC details
000 -LEADER
fixed length control field 00545cam a2200193 a 4500
001 - CONTROL NUMBER
control field 986155
005 - DATE AND TIME OF LATEST TRANSACTION
control field 20240130054804.0
008 - FIXED-LENGTH DATA ELEMENTS--GENERAL INFORMATION
fixed length control field 860424s1985 ce b 000 0 eng
040 ## - CATALOGING SOURCE (பட்டியலாக்க மூலம்)
Original cataloging agency DLC
Transcribing agency DLC
Modifying agency DLC
082 00 - DDC Classification
Class No. 954.9/3004948
DDC Edition Number 19
Item Number - Author Mark TAM.
100 1# - MAIN ENTRY--PERSONAL NAME
Personal name Iriyagolle, Gamini.
245 10 - TITLE STATEMENT
Title Tamil claims to land :
Remainder of title fact and fiction /
Statement of responsibility, etc. Gamini Iriyagolla.
250 ## - EDITION STATEMENT
Edition statement 2nd ed.
260 ## - PUBLICATION, DISTRIBUTION, ETC.
Place of publication, distribution, etc. Colombo, Sri Lanka :
Name of publisher, distributor, etc. Institute of Public Affairs,
Date of publication, distribution, etc. 1985.
300 ## - PHYSICAL DESCRIPTION
Extent (e.g. Volumes, Pages etc.) 52 p. ;
500 ## - GENERAL NOTE
General note Cover title.
650 #0 - SUBJECT ADDED ENTRY--TOPICAL TERM
Topical term or geographic name entry element Tamil (Indic people)
942 ## - Koha item type (Biblio)
Koha item type Books in Stacks (Lending)
Holdings
Lost status Damaged status Collection code Home library Current library Date acquired Full call number Accession Number Item type
    Lending WERC Library WERC Library 01/30/2024 954.9/3004948 TAM. 3862 Books in Stacks (Lending)

© WERC Library